000
00265nam a2200097Ia 4500
001
698692
005
20250826162056.0
008
250824s9999 xx 000 0 und d
245
0
_a
ÖLÜ CANLAR (ANTİK OKUL KLASİKLERİ)
_c
GOGOL
260
_b
ANTİK DÜNYA KLASİKLERİ
999
_c
698692
_d
698692